| 000 | 00971cam a22003013a 4500 | ||
|---|---|---|---|
| 001 | 0000751 | ||
| 003 | DO-SdBNP | ||
| 005 | 20241021105930.0 | ||
| 007 | 0000751 | ||
| 008 | 861112 2010 ag a 000 0 spa d | ||
| 010 | _a | ||
| 020 | _a9789870403449 | ||
| 040 |
_aBPMSU _cspa _dBPMSU _d |
||
| 082 | 4 |
_a833.91 _bE56m 2010 _222 |
|
| 100 | 1 |
_aEnde, Michael _d1929-1995 |
|
| 245 | 1 | 0 |
_aMomo / _cMichael Ende ; ilustraciones Alfonso Ruano |
| 250 | _a3a. ed., 3a. reimpr. 2010 | ||
| 260 |
_aBuenos Aires, Argentina : _bEdiciones Alfaguara ; _bSantillana ediciones generales, _c2010 _f |
||
| 300 |
_a255 p. : _bil. ; _c20 cm. |
||
| 490 | 0 | _aAlfaguara juvenil | |
| 500 | _aIncluye datos biográficos del autor. | ||
| 500 | _aLiteratura para niños a partir de los 12 años. | ||
| 590 | _aInventariado, 2024/VM | ||
| 650 | 4 | _aCuentos juveniles alemanes | |
| 700 | 1 |
_aRuano, Alfonso _eilustraciones |
|
| 910 | _aVMateo V. Control de calidad. BPMSU | ||
| 942 |
_2ddc _cBK |
||
| 999 |
_c11675 _d11675 |
||